01416cam a22003011 4500001001300000003000400013005001700017008004100034010001700075035001800092040002600110042001200136050002300148086001300171100002500184245016600209260016100375300004000536490005800576500001600634500019800650504003100848650002300879650005400902710004800956740004801004830006201052hew62000157 DLC20260227111512.0720706s1962 xx 000 0 eng  ahew62000157  a(OCoLC)349546 aDLCcODaUdOCoLCdDLC apremarc00aL111b.A72 no. 6650 aOE-510021 aBokelman, W. Robert.10aProgress in the construction of higher education facilities:bdetailed analysis, 1958-59, trends analysis, 1951-59,cby W. Robert Bokelman and Leslie F. Robbins. a[Washington]bU.S. Dept. of Health, Education, and Welfare, Office of Education; [for sale by the Superintendent of Documents, U.S. Govt. Print Off.,c1962] avi, 57 p.bdiagrs., tables.c26 cm.1 aUnited States. Office of Education. Circularvno. 665 a"OE-51002." aBound with Circular no. 662-no. 673. Washington : United States, Department of the Interior, Office of Education : For sale by the Supt. of Docs., U.S.G.P.O., 1961-62 subsequent to publication. aBibliographical footnotes. 0aCollege buildings. 0aUniversities and collegeszUnited StatesxFinance1 aRobbins, Leslie Frank,d1898-ejoint author0 aConstruction of higher education facilities 0aCircular (United States. Office of Education) ;vno. 665.